000 01942nam0a2200361 4500
001 RU\NLR\BIBL_A\012823171
005 20260407080825.0
010 _a5-88431-006-4
_9300
035 _a(NLR Aleph) 012823171
090 _a12327441
_c12327441
100 _a20220620d1997 |||y0rusy50 ca
101 0 _arus
102 _aRU
105 _aa z 100zy
181 0 _ai3
_baxxe
182 0 _an
200 1 _aКультура народов Сибири
_eматериалы Третьих Сибирских чтений, [Санкт-Петербург, 22-24 ноября 1995 г.]
_fРоссийская академия наук, Музей антропологии и этнографии им. Петра Великого (Кунсткамера)
_gредколлегия: ... Е. Г. Федорова (ответственный редактор)
203 _aТекст
_bвизуальный
_cнепосредственный
210 _aСанкт-Петербург
_cМАЭ РАН
_d1997
215 _a287, [1] с.
_cил.
_d21
320 _aБиблиогр. в конце ст.
606 1 _aНароды Сибири
_jСъезды, совещания и т.п.
_xИсторико-этнографические исследования
_92295314
_3RU\NLR\AUTH\661374441
686 _aТ3(2Р5)я431
686 _aТ52(251)я431
702 1 _4340
_8rus
_7ca
_aФедорова
_bЕ. Г.
_cканд. ист. наук
_gЕлена Геннадьевна
_3RU\NLR\AUTH\7747112
_930047
711 1 2 _aСибирские чтения
_d3
_f1995
_eСанкт-Петербург
_3RU\NLR\AUTH\8810007042
_9511620
712 0 2 _4475
_aМузей антропологии и этнографии им. Петра Великого
_cСанкт-Петербург
_3RU\NLR\AUTH\886338
_9284480
852 _aNLR
_j97-3/13639
942 _cBOOK
980 _aNB